[Event "BL 0708 Hamburger SK - Solinger SG"]
[Site "?"]
[Date "2008.03.08"]
[Round "10.5"]
[White "Werle, Jan"]
[Black "Heinemann, Thies"]
[Result "1-0"]
[WhiteElo "2568"]
[BlackElo "2478"]
[PlyCount "185"]
[EventDate "2008.??.??"]

{H-H} 1. d4 Nf6 2. c4 e6 3. Nc3 Bb4 4. e3 b6 5. Nf3 Bb7 6. Bd3 O-O 7. Qc2 c5 8.
dxc5 bxc5 9. a3 Ba5 10. O-O Nc6 11. b3 Bc7 12. Bb2 h6 13. h3 Qe7 14. Rad1 a6
15. Ne2 Nh5 16. e4 e5 17. g3 Nd4 18. Nexd4 exd4 19. Nh4 g6 20. Bc1 Kg7 21. b4
Nf4 22. Bxf4 Bxf4 23. bxc5 Be5 24. f4 Bf6 25. Nf3 Qxc5 26. e5 Be7 27. h4 d6 28.
h5 dxe5 29. Nxe5 g5 30. Rb1 Ra7 31. Qe2 Ba8 32. Qg4 Qc8 33. fxg5 Qxg4 34. gxh6+
Kxh6 35. Nxg4+ Kxh5 36. Nf6+ Kh6 37. Rb6 Bxf6 38. Rfxf6+ Kg7 39. Rxa6 Re7 40.
Rf4 Rd8 41. Rg4+ Kf8 42. Bh7 Red7 43. Rxa8 Rxa8 44. Rg8+ Ke7 45. Rxa8 d3 46.
Kf2 d2 47. Bc2 d1=Q 48. Bxd1 Rxd1 49. Ke3 Rg1 50. Kf4 Rc1 51. Ra4 Kd6 52. g4
Ke6 53. Rb4 Ra1 54. a4 Rf1+ 55. Kg5 Ra1 56. c5 Rc1 57. Re4+ Kd5 58. Rf4 Ke6 59.
Rf6+ Ke7 60. Rf5 Ra1 61. Re5+ Kf8 62. Kf5 Rxa4 63. Re4 Ra5 64. Rc4 Ke7 65. Ke5
Ra1 66. c6 Ra5+ 67. Kf4 Kd8 68. c7+ Kc8 69. Rc6 Rb5 70. g5 Rd5 71. Kg4 Rd1 72.
Kf5 Rf1+ 73. Ke5 Rf2 74. Rc5 Rf1 75. Kd6 Re1 76. Re5 Rd1+ 77. Ke7 Rf1 78. Rc5
Rf2 79. Kf8 Rf1 80. Kg7 Rf2 81. Re5 Rf1 82. Re8+ Kxc7 83. Re7+ Kd6 84. Rxf7 Rg1
85. g6 Ke6 86. Ra7 Rh1 87. Kg8 Kf6 88. g7 Kg6 89. Ra6+ Kg5 90. Kf8 Rf1+ 91. Ke7
Re1+ 92. Re6 Rxe6+ 93. Kxe6 1-0

[Event "BL 0708 Hamburger SK - Solinger SG"]
[Site "?"]
[Date "2008.03.08"]
[Round "10.6"]
[White "Beikert, Guenther Dr"]
[Black "Hoffmann, Michael"]
[Result "1/2-1/2"]
[WhiteElo "2449"]
[BlackElo "2471"]
[PlyCount "49"]
[EventDate "2008.??.??"]

{H-H} 1. g3 f5 2. Bg2 Nf6 3. c4 d6 4. Nc3 g6 5. d3 Bg7 6. Nf3 O-O 7. O-O e5 8.
Rb1 Nc6 9. b4 h6 10. b5 Ne7 11. Ne1 g5 12. Nc2 f4 13. d4 Qe8 14. dxe5 dxe5 15.
Nb4 Bf5 16. Bxb7 Rd8 17. Qb3 Bxb1 18. Qxb1 Qh5 19. Bf3 Ng4 20. Bxg4 Qxg4 21.
Nbd5 Nxd5 22. Nxd5 Qxe2 23. Ne7+ Kh8 24. Ng6+ Kg8 25. Ne7+ 1/2-1/2

[Event "BL 0708 Hamburger SK - Solinger SG"]
[Site "?"]
[Date "2008.03.08"]
[Round "10.7"]
[White "Ragger, Markus"]
[Black "Sebastian, Dirk"]
[Result "1-0"]
[WhiteElo "2528"]
[BlackElo "2445"]
[PlyCount "141"]
[EventDate "2008.??.??"]

{H-H} 1. e4 e5 2. Nf3 Nc6 3. Bb5 a6 4. Ba4 Nf6 5. O-O Bc5 6. c3 b5 7. Bb3 d6 8.
a4 Rb8 9. d4 Bb6 10. axb5 axb5 11. Qd3 Bd7 12. Na3 O-O 13. Bg5 h6 14. Bh4 Qe7
15. Rfe1 Na5 16. Ba2 b4 17. cxb4 Nc6 18. Nc2 exd4 19. Qd2 Rfe8 20. Bd5 Ne5 21.
Ncxd4 Ng6 22. Nc6 Bxc6 23. Bxc6 Nxh4 24. Nxh4 Ng4 25. g3 Bxf2+ 26. Kg2 Bxe1 27.
Rxe1 Rf8 28. Nf5 Qe5 29. b5 Nf6 30. Nd4 Qg5 31. Qd3 Ng4 32. Nf3 Ne5 33. Nxe5
Qxe5 34. Re2 g6 35. Bd5 Kg7 36. Rc2 c5 37. Bc6 Rfd8 38. Rf2 Rf8 39. Qc4 Qd4 40.
Qxd4+ cxd4 41. Rd2 Kf6 42. Rxd4 Ke7 43. Ra4 f5 44. h4 Ke6 45. Rb4 Rfc8 46. Rc4
Rd8 47. Kf3 Kf6 48. Rd4 Ke6 49. Ra4 Kf6 50. Ra7 Rf8 51. Ke3 Rf7 52. Ra6 Re7 53.
b6 fxe4 54. b4 h5 55. b7 Rexb7 56. Bxb7 Rxb7 57. Rxd6+ Kf5 58. Rd5+ Kg4 59.
Rg5+ Kh3 60. b5 Re7 61. Rxg6 Kh2 62. g4 Rb7 63. b6 hxg4 64. Kxe4 g3 65. Kd5 g2
66. Kc6 Rh7 67. b7 Rh8 68. Kc7 Rh7+ 69. Kb6 Rh6 70. b8=Q+ Kh1 71. Qg3 1-0

[Event "BL 0708 Hamburger SK - Solinger SG"]
[Site "?"]
[Date "2008.03.08"]
[Round "10.8"]
[White "Huschenbeth, Niclas"]
[Black "Ernst, Sipke"]
[Result "0-1"]
[WhiteElo "2318"]
[BlackElo "2539"]
[PlyCount "82"]
[EventDate "2008.??.??"]

{H-H} 1. e4 e5 2. Nf3 Nc6 3. Bb5 a6 4. Ba4 Nf6 5. O-O Be7 6. Re1 b5 7. Bb3 d6
8. c3 O-O 9. h3 Rb8 10. d4 exd4 11. cxd4 d5 12. exd5 Nxd5 13. Bxd5 Qxd5 14. Nc3
Qd8 15. d5 Na5 16. Bf4 Rb6 17. Qc2 Nc4 18. Nd4 Bb7 19. Rad1 Bf6 {(=)} 20. Nf5
Bc8 21. Ne3 Nd6 22. Ne4 Be7 23. Rc1 Rb7 24. Nc5 Ra7 25. b3 Re8 26. Ng4 Bf5 27.
Qd2 Bxg4 28. hxg4 Ra8 29. Qa5 Qc8 30. f3 Nc4 31. Qb4 Nb6 32. Qd4 Qd8 33. Bxc7
Qxd5 34. Ne6 Qxd4+ 35. Nxd4 Nd5 36. Nf5 Bg5 37. Rxe8+ Rxe8 38. Rc2 g6 39. Ng3
Nxc7 40. Rxc7 Bf4 41. Ne4 Bxc7 0-1

[Event "BL 0708 Werder Bremen - SV Wattenscheid"]
[Site "?"]
[Date "2008.03.08"]
[Round "10.3"]
[White "Rustemov, Alexander"]
[Black "Areshchenko, Alexander"]
[Result "1/2-1/2"]
[WhiteElo "2552"]
[BlackElo "2638"]
[PlyCount "123"]
[EventDate "2008.??.??"]

{H-H} 1. Nf3 Nf6 2. c4 g6 3. g3 Bg7 4. Bg2 d5 5. cxd5 Nxd5 6. Nc3 Nb6 7. d3 Nc6
8. O-O O-O 9. Be3 e5 10. Rc1 Re8 11. Nd2 Nd4 12. Nb3 c6 13. Nc5 Qe7 14. b4 Bf5
15. Bd2 Rad8 16. e3 Nb5 17. Nxb5 cxb5 18. Qe2 Na4 19. e4 Bc8 20. Nxa4 bxa4 21.
Rc3 b6 22. Rfc1 Ba6 23. a3 Rc8 24. Qd1 Qd7 25. Bf1 Rxc3 26. Rxc3 Rc8 27. Qc2
Rxc3 28. Bxc3 Bb5 29. Be2 h5 30. Kg2 Qe6 31. Bd1 f5 32. exf5 Qxf5 33. Be2 Kh7
34. Bb2 Qd7 35. f3 Bc6 36. h4 Bd5 37. Qc3 Qd8 38. Kf2 Qd7 39. Kg2 Qd8 40. Qc1
Bf6 41. Kf2 Bg7 42. Qg5 Bf6 43. Qe3 Bc6 44. Bxe5 Bb5 45. Bxf6 Qxf6 46. f4 Bd7
47. Qe5 Qc6 48. Bf3 Qc2+ 49. Qe2 Qc8 50. Be4 Bg4 51. Qb2 Bf5 52. Ke3 Bxe4 53.
dxe4 Qh3 54. Qf2 Qh1 55. Qf3 Qa1 56. Kf2 Qb2+ 57. Kg1 Qc1+ 58. Kg2 Qc2+ 59. Kg1
Qc1+ 60. Kg2 Qc2+ 61. Kh3 Qb3 62. Kg2 1/2-1/2

[Event "BL 0708 Werder Bremen - SV Wattenscheid"]
[Site "?"]
[Date "2008.03.08"]
[Round "10.4"]
[White "Fressinet, Laurent"]
[Black "Johannessen, Leif Erlend"]
[Result "1-0"]
[WhiteElo "2654"]
[BlackElo "2536"]
[PlyCount "69"]
[EventDate "2008.??.??"]

{H-H} 1. e4 e5 2. Nf3 Nc6 3. Bb5 a6 4. Ba4 Nf6 5. O-O Be7 6. d3 d6 7. c3 O-O 8.
Nbd2 b5 9. Bc2 Bb7 10. Re1 Re8 11. Nf1 g6 12. d4 Bf8 13. Ng3 Bg7 14. d5 Nb8 15.
b3 c6 16. c4 Qc7 17. Be3 Nbd7 18. h3 Rec8 19. Rc1 Bf8 20. Bd3 Qa5 21. Qe2 bxc4
22. bxc4 Nc5 23. Bb1 Nfd7 24. Nh2 Qd8 25. Ng4 Qe7 26. Nh6+ Kh8 27. Qf3 f6 28.
h4 a5 29. h5 Bxh6 30. Bxh6 Kg8 31. Qg4 Kf7 32. Rc3 Nf8 33. hxg6+ hxg6 34. Nf5
Qd7 35. Rh3 1-0

[Event "BL 0708 Werder Bremen - SV Wattenscheid"]
[Site "?"]
[Date "2008.03.08"]
[Round "10.5"]
[White "Appel, Ralf"]
[Black "Hracek, Zbynek"]
[Result "1/2-1/2"]
[WhiteElo "2529"]
[BlackElo "2598"]
[PlyCount "176"]
[EventDate "2008.??.??"]

{H-H} 1. d4 Nf6 2. Nf3 g6 3. Bf4 Bg7 4. Nbd2 d6 5. h3 c5 6. e3 Qb6 7. Nc4 Qc7
8. c3 O-O 9. Be2 Be6 10. Rc1 Nbd7 11. O-O Rac8 12. a4 Nb6 13. Ncd2 cxd4 14.
exd4 Bd7 15. Ra1 Nbd5 16. Bh2 Qb6 17. Nc4 Qc7 18. Re1 b6 19. Ncd2 Qb7 20. Bc4
Bc6 21. Qe2 Rce8 22. Ba6 Qd7 23. Bb5 a5 24. Qd3 Rc8 25. Nb1 Bxb5 26. axb5 Rfe8
27. Na3 Bh6 28. Nd2 Qf5 29. Qxf5 gxf5 30. Nf3 Bf4 31. c4 Bxh2+ 32. Kxh2 Nb4 33.
d5 e6 34. Nd4 Ne4 35. f3 Nc5 36. Nc6 Kg7 37. Rad1 Nbd3 38. Re3 Nxb2 39. Rd2 f4
40. Rc3 Nba4 41. Rcc2 e5 42. Nb1 Nd7 43. Re2 f5 44. Re1 Kf6 45. Rce2 Rg8 46.
Nd2 Rg7 47. Ra1 Nac5 48. Ra3 Rcg8 49. Rf2 Nf8 50. Nb3 Nxb3 51. Rxb3 Nd7 52. Ra3
Nc5 53. Raa2 Rg3 54. Rf1 Kg5 55. Kh1 Kf6 56. Kh2 Ra8 57. Raa1 h5 58. h4 Nd7 59.
Ra2 Nf8 60. Re1 Nd7 61. Rf1 Rc8 62. Kh1 Rc7 63. Kh2 Rg8 64. Re2 Re8 65. Rfe1
Nc5 66. Rf1 Ra8 67. Ra2 Rg7 68. Kh1 Kf7 69. Re1 Rg3 70. Kh2 Kf6 71. Rf1 Rg7 72.
Kh1 Rb7 73. Kh2 Nd7 74. Rfa1 Nf8 75. Ra4 Ng6 76. Kh3 Re8 77. Re1 Rc7 78. Re2
Nf8 79. Kh2 Nd7 80. Ra3 Rg8 81. Rf2 Rg3 82. Raa2 Nf8 83. Rfe2 Ng6 84. Rab2 Rd7
85. Rbd2 Rb7 86. Rb2 Rd7 87. Rbd2 Rb7 88. Rb2 Rd7 1/2-1/2

[Event "BL 0708 Werder Bremen - SV Wattenscheid"]
[Site "?"]
[Date "2008.03.08"]
[Round "10.7"]
[White "Handke, Florian"]
[Black "Babula, Vlastimil"]
[Result "0-1"]
[WhiteElo "2497"]
[BlackElo "2596"]
[PlyCount "74"]
[EventDate "2008.??.??"]

{H-H} 1. e4 c5 2. Nf3 d6 3. c3 Nf6 4. Be2 g6 5. O-O Bg7 6. Bb5+ Nc6 7. Re1 O-O
8. h3 Bd7 9. Na3 e5 10. Bf1 h6 11. Nc4 Be6 12. d3 Re8 13. Bd2 a5 14. a4 Qc7 15.
Na3 d5 16. exd5 Nxd5 17. g3 Rad8 18. Qc1 Kh7 19. h4 Nf6 20. Nb5 Qb8 21. d4 cxd4
22. cxd4 e4 23. Bf4 Qc8 24. Nd2 Nxd4 25. Qxc8 Bxc8 26. Nxd4 Rxd4 27. Be3 Rb4
28. Nc4 Be6 29. Rec1 Ng4 30. Bd2 Bxc4 31. Bxc4 Rxb2 32. Ra2 Re7 33. Bxa5 e3 34.
fxe3 Rxe3 35. Be1 Bd4 36. Kh1 Rxa2 37. Bxa2 Re2 0-1

[Event "BL 0708 Werder Bremen - SV Wattenscheid"]
[Site "?"]
[Date "2008.03.08"]
[Round "10.8"]
[White "Fish, Gennadij"]
[Black "Straeter, Timo"]
[Result "1-0"]
[WhiteElo "2546"]
[BlackElo "2325"]
[PlyCount "39"]
[EventDate "2008.??.??"]

{H-H} 1. d4 f5 2. c4 Nf6 3. g3 e6 4. Bg2 Bb4+ 5. Nd2 O-O 6. Ngf3 Nc6 7. O-O
Bxd2 8. Bxd2 a5 9. d5 Ne7 10. dxe6 dxe6 11. Bf4 Bd7 12. Ne5 Nc6 13. Qb3 Nxe5
14. Bxe5 Ng4 15. Bc3 Bc6 16. Bxc6 bxc6 17. Qb7 Qd6 18. Rad1 Qc5 19. Rd7 Ne5 20.
Rxc7 1-0

[Event "BL 0708 SC Kreuzberg - Erfurter SK"]
[Site "?"]
[Date "2008.03.09"]
[Round "11.2"]
[White "Luther, Thomas"]
[Black "Votava, Jan"]
[Result "1/2-1/2"]
[WhiteElo "2534"]
[BlackElo "2546"]
[PlyCount "33"]
[EventDate "2008.??.??"]

1. e4 e5 2. Nf3 Nc6 3. Bb5 a6 4. Ba4 Nf6 5. O-O Be7 6. Re1 b5 7. Bb3 O-O 8. c3
d5 9. d4 exd4 10. e5 Ne4 11. cxd4 Bf5 12. Nc3 Nxc3 13. bxc3 Qd7 14. Bg5 Ba3 15.
Bc1 Be7 16. Bg5 Ba3 17. Bc1 1/2-1/2

[Event "BL 0708 SC Kreuzberg - Erfurter SK"]
[Site "?"]
[Date "2008.03.09"]
[Round "11.3"]
[White "Haba, Petr"]
[Black "Tischbierek, Raj"]
[Result "1-0"]
[WhiteElo "2525"]
[BlackElo "2487"]
[PlyCount "93"]
[EventDate "2008.??.??"]

1. d4 Nf6 2. c4 e6 3. g3 d5 4. Bg2 Bb4+ 5. Nd2 O-O 6. Ngf3 dxc4 7. Qc2 c5 8.
dxc5 Nc6 9. O-O Qe7 10. Nxc4 Bxc5 11. Bf4 Nb4 12. Qb1 a5 13. a3 Nc6 14. Qc2 Nd5
15. Bd2 Bd7 16. e4 Nb6 17. e5 Nxc4 18. Qxc4 Bb6 19. Qg4 Kh8 20. Bc3 a4 21. Rac1
Ba5 22. Rfd1 Bxc3 23. Rxc3 Ra5 24. Qg5 Qxg5 25. Nxg5 Nb8 26. Rc7 h6 27. Ne4 Bc6
28. Nd6 Kg8 29. Bxc6 bxc6 30. f4 Rc5 31. Rd2 Na6 32. Ra7 Rc1+ 33. Kg2 Nc5 34.
Kh3 g5 35. Rd4 gxf4 36. gxf4 Kg7 37. Rd2 Rg1 38. Rc7 Kg6 39. Rxc6 Nb3 40. Rd3
Nc1 41. Rg3+ Rxg3+ 42. hxg3 Nd3 43. Rb6 Ra8 44. Kg4 f6 45. exf6 Kxf6 46. Ne4+
Kf7 47. Kh5 1-0

[Event "BL 0708 SC Kreuzberg - Erfurter SK"]
[Site "?"]
[Date "2008.03.09"]
[Round "11.4"]
[White "Kalinitschew, Sergey"]
[Black "Kuczynski, Robert"]
[Result "1/2-1/2"]
[WhiteElo "2489"]
[BlackElo "2483"]
[PlyCount "41"]
[EventDate "2008.??.??"]

1. d4 d5 2. c4 c6 3. Nc3 Nf6 4. cxd5 cxd5 5. Bf4 Nc6 6. e3 e6 7. Bd3 Be7 8. h3
O-O 9. Nf3 Bd6 10. Bxd6 Qxd6 11. O-O Bd7 12. Rc1 Rfc8 13. a3 Be8 14. Qe2 a6 15.
Rfd1 b5 16. e4 dxe4 17. Nxe4 Qe7 18. Nxf6+ Qxf6 19. Be4 Rab8 20. d5 exd5 21.
Bxd5 1/2-1/2

[Event "BL 0708 SC Kreuzberg - Erfurter SK"]
[Site "?"]
[Date "2008.03.09"]
[Round "11.5"]
[White "Machelett, Heiko"]
[Black "Volke, Karsten"]
[Result "1/2-1/2"]
[WhiteElo "2430"]
[BlackElo "2472"]
[PlyCount "21"]
[EventDate "2008.??.??"]

1. d4 Nf6 2. Nf3 e6 3. e3 b6 4. Bd3 Bb7 5. O-O d5 6. Ne5 g6 7. f4 Bg7 8. Bd2
O-O 9. Be1 Ne4 10. Nd2 f6 11. Ng4 1/2-1/2

[Event "BL 0708 SC Kreuzberg - Erfurter SK"]
[Site "?"]
[Date "2008.03.09"]
[Round "11.7"]
[White "Enders, Peter"]
[Black "Loeffler, Stefan"]
[Result "1-0"]
[WhiteElo "2441"]
[BlackElo "2409"]
[PlyCount "121"]
[EventDate "2008.??.??"]

1. e4 Nf6 2. e5 Nd5 3. d4 d6 4. Nf3 dxe5 5. Nxe5 c6 6. g3 Nd7 7. Nf3 N7f6 8.
Bg2 Bg4 9. Nbd2 e6 10. O-O Be7 11. b3 Bb4 12. Bb2 Bc3 13. Qc1 O-O 14. Nb1 Bxb2
15. Qxb2 Bxf3 16. Bxf3 Qa5 17. a3 Rfd8 18. b4 Qc7 19. Nd2 Nb6 20. c3 e5 21. Nb3
Nfd5 22. Rac1 exd4 23. Nxd4 Qe5 24. Rfd1 Qf6 25. Kg2 Na4 26. Qb3 Ndxc3 27. Rxc3
Nxc3 28. Qxc3 Rd6 29. Qe3 a5 30. bxa5 Qd8 31. a6 Rxa6 32. Nc2 Rxd1 33. Bxd1 Rb6
34. Nb4 Rb5 35. Be2 Ra5 36. Bc4 Kf8 37. Nc2 g6 38. Qc3 Kg8 39. Ne3 h5 40. h4 b6
41. Be2 Rc5 42. Qb4 Re5 43. Bf3 Re6 44. a4 Qb8 45. Nc4 b5 46. a5 c5 47. Qb2 Qe8
48. Nb6 Rd6 49. Qa2 Qb8 50. a6 Qa7 51. Nd5 Qxa6 52. Qb2 b4 53. Qe5 Re6 54. Qb8+
Kh7 55. Qc7 Qd6 56. Qxf7+ Kh8 57. Qb7 Qa6 58. Qb8+ Kh7 59. Qc7+ Kh6 60. Qxc5 b3
61. Qc3 1-0

[Event "BL 0708 SC Kreuzberg - Erfurter SK"]
[Site "?"]
[Date "2008.03.09"]
[Round "11.8"]
[White "Schilow, Vladimir"]
[Black "Casper, Thomas"]
[Result "1/2-1/2"]
[WhiteElo "2400"]
[BlackElo "2421"]
[PlyCount "41"]
[EventDate "2008.??.??"]

1. e4 e6 2. d4 d5 3. Nc3 Bb4 4. e5 Ne7 5. a3 Bxc3+ 6. bxc3 c5 7. Qg4 O-O 8. Bd3
f5 9. exf6 Rxf6 10. Bg5 Rf7 11. Qh5 g6 12. Qd1 Nbc6 13. Nf3 Qf8 14. O-O c4 15.
Be2 h6 16. Bc1 Bd7 17. a4 Rd8 18. h3 Bc8 19. Qd2 Kh7 20. Nh2 e5 21. Ng4 1/2-1/2

[Event "BL 0708 SK Zehlendorf - Bindl-Aktionär"]
[Site "?"]
[Date "2008.03.09"]
[Round "11.2"]
[White "Novikov, Stanislav"]
[Black "Baklan, Vladimir"]
[Result "1/2-1/2"]
[WhiteElo "2534"]
[BlackElo "2639"]
[PlyCount "35"]
[EventDate "2008.??.??"]

1. c4 Nf6 2. Nf3 e6 3. g3 a6 4. Bg2 b5 5. b3 Bb7 6. O-O c5 7. Nc3 Qa5 8. cxb5
axb5 9. a4 bxa4 10. Rxa4 Qb6 11. Ba3 Na6 12. d4 Rc8 13. Rc4 Qa5 14. Na4 Bd5 15.
Ne5 Bxc4 16. Nxc4 Qc7 17. dxc5 Nxc5 18. Nxc5 1/2-1/2

[Event "BL 0708 SK Zehlendorf - Bindl-Aktionär"]
[Site "?"]
[Date "2008.03.09"]
[Round "11.3"]
[White "Laznicka, Viktor"]
[Black "Berczes, David"]
[Result "1-0"]
[WhiteElo "2610"]
[BlackElo "2430"]
[PlyCount "113"]
[EventDate "2008.??.??"]

1. d4 Nf6 2. c4 e6 3. g3 Bb4+ 4. Bd2 Qe7 5. Bg2 Nc6 6. e3 e5 7. d5 Nb8 8. Ne2
a5 9. Nbc3 d6 10. Qc2 O-O 11. a3 Bc5 12. h3 c6 13. g4 h6 14. Ng3 cxd5 15. cxd5
Na6 16. O-O Nc7 17. Rab1 b5 18. b4 axb4 19. axb4 Bb6 20. Qd3 Bb7 21. Kh1 g6 22.
e4 Kh7 23. g5 Nd7 24. gxh6 Qh4 25. Qf3 Bd4 26. Nf5 Qf6 27. Nxd4 exd4 28. Qxf6
Nxf6 29. Bg5 Nh5 30. Ne2 f6 31. Bc1 f5 32. exf5 gxf5 33. Nxd4 Bxd5 34. Bxd5
Nxd5 35. Nxb5 Rab8 36. Nxd6 Rxb4 37. Rxb4 Nxb4 38. Bg5 Nd3 39. Be7 Ra8 40. Nxf5
Ra5 41. Ne3 Nhf4 42. h4 Kxh6 43. Kh2 Kh5 44. Kg3 Ra2 45. Bg5 Ne6 46. Bf6 Nef4
47. Nc4 Ra4 48. Ne3 Ra2 49. Kf3 Ng6 50. Nf5 Nge5+ 51. Kg3 Nc4 52. Bd4 Nd2 53.
Rg1 Kg6 54. Kg4 Ra4 55. h5+ Kf7 56. f4 Ne4 57. Kf3 1-0

[Event "BL 0708 SK Zehlendorf - Bindl-Aktionär"]
[Site "?"]
[Date "2008.03.09"]
[Round "11.4"]
[White "Prohaszka, Peter"]
[Black "Baramidze, David"]
[Result "0-1"]
[WhiteElo "2470"]
[BlackElo "2569"]
[PlyCount "60"]
[EventDate "2008.??.??"]

1. d4 d5 2. c4 c6 3. Nc3 Nf6 4. Nf3 e6 5. Bg5 h6 6. Bh4 dxc4 7. e4 g5 8. Bg3 b5
9. Be2 Bb7 10. h4 g4 11. Ne5 h5 12. O-O Nbd7 13. f4 b4 14. f5 bxc3 15. Nxf7
Kxf7 16. fxe6+ Kxe6 17. Bxc4+ Ke7 18. e5 Nd5 19. Bxd5 cxd5 20. e6 Ba6 21. Qc2
Bxf1 22. Rxf1 Nf6 23. Qg6 Kxe6 24. Re1+ Kd7 25. Qf5+ Kc6 26. Re6+ Kb7 27. Qd3
Rc8 28. Qa6+ Ka8 29. Rb6 Rh7 30. bxc3 Ne4 0-1

[Event "BL 0708 SK Zehlendorf - Bindl-Aktionär"]
[Site "?"]
[Date "2008.03.09"]
[Round "11.5"]
[White "Bindrich, Falko"]
[Black "Meister, Jakov"]
[Result "1/2-1/2"]
[WhiteElo "2512"]
[BlackElo "2491"]
[PlyCount "193"]
[EventDate "2008.??.??"]

1. Nf3 d5 2. d4 Nf6 3. c4 dxc4 4. e3 g6 5. Bxc4 Bg7 6. O-O O-O 7. b4 c6 8. Bb2
Nbd7 9. Nbd2 a5 10. b5 c5 11. dxc5 Nxc5 12. Nb3 Be6 13. Qe2 Bxc4 14. Qxc4 Nxb3
15. axb3 Qd5 16. Rfc1 Rfd8 17. Bd4 Ne4 18. b6 Bxd4 19. Nxd4 Qxc4 20. Rxc4 Ra6
21. g4 Nd6 22. Rc5 Rda8 23. Kg2 a4 24. bxa4 Rxa4 25. Rb1 Ra2 26. Rc7 Kf8 27.
Kf3 R8a5 28. h3 Rd5 29. Rb4 h5 30. Rb3 h4 31. Rc2 Rxc2 32. Nxc2 Rc5 33. Ne1 Rc6
34. Nd3 Nc4 35. Rb4 Ke8 36. g5 Nxb6 37. Rxh4 Nc4 38. Rh8+ Kd7 39. Rf8 Rd6 40.
Ke2 Rd5 41. f4 Nd6 42. e4 Nxe4 43. Rxf7 Ng3+ 44. Ke3 Nf5+ 45. Ke2 Ra5 46. Rf8
Ra2+ 47. Kf3 Kc7 48. Ne5 Ra3+ 49. Ke2 Nd4+ 50. Kd2 Rxh3 51. Nxg6 Rg3 52. Nxe7
Nf3+ 53. Ke2 Nxg5 54. fxg5 Rxg5 55. Nf5 Rg2+ 56. Kd3 Rf2 57. Kd4 Kb6 58. Kd5
Rf1 59. Rf7 Ka6 60. Ke5 Re1+ 61. Kd4 Rf1 62. Ke4 b5 63. Rf8 Re1+ 64. Kd5 Rf1
65. Ke4 Re1+ 66. Ne3 Kb6 67. Kd4 Rh1 68. Nd5+ Kc6 69. Rf6+ Kd7 70. Kc5 Rc1+ 71.
Kxb5 Rb1+ 72. Kc5 Rc1+ 73. Kd4 Rd1+ 74. Ke5 Re1+ 75. Kf5 Rf1+ 76. Nf4 Kc7 77.
Rg6 Kd7 78. Rg2 Ke7 79. Rd2 Ke8 80. Rd3 Ke7 81. Rd4 Ra1 82. Ng6+ Ke8 83. Rd6
Rf1+ 84. Ke5 Re1+ 85. Kf5 Rf1+ 86. Nf4 Ke7 87. Rd4 Ra1 88. Ng6+ Ke8 89. Ne5 Ra6
90. Rb4 Kd8 91. Rb7 Kc8 92. Rh7 Rd6 93. Ke4 Rd1 94. Nc6 Re1+ 95. Kd5 Rd1+ 96.
Nd4 Kd8 97. Rg7 1/2-1/2

[Event "BL 0708 SK Zehlendorf - Bindl-Aktionär"]
[Site "?"]
[Date "2008.03.09"]
[Round "11.6"]
[White "Berger, Steve"]
[Black "Slobodjan, Roman"]
[Result "1/2-1/2"]
[WhiteElo "2410"]
[BlackElo "2547"]
[PlyCount "47"]
[EventDate "2008.??.??"]

1. e4 e5 2. Nf3 Nc6 3. Bb5 Nf6 4. O-O Nxe4 5. d4 Nd6 6. Bxc6 dxc6 7. dxe5 Nf5
8. Qxd8+ Kxd8 9. Nc3 Ne7 10. Rd1+ Ke8 11. h3 Ng6 12. b3 a5 13. Bb2 Nf4 14. Rd4
Ne6 15. Rd2 Bb4 16. a3 Bxc3 17. Bxc3 Ke7 18. Rad1 Rd8 19. Nd4 Nxd4 20. Bxd4 Be6
21. Bc5+ Ke8 22. Rxd8+ Rxd8 23. Rxd8+ Kxd8 24. Bf8 1/2-1/2

[Event "BL 0708 SK Zehlendorf - Bindl-Aktionär"]
[Site "?"]
[Date "2008.03.09"]
[Round "11.7"]
[White "Markos, Jan"]
[Black "Orzech, Dominik"]
[Result "1/2-1/2"]
[WhiteElo "2565"]
[BlackElo "2483"]
[PlyCount "54"]
[EventDate "2008.??.??"]

1. d4 d5 2. c4 c6 3. Nc3 Nf6 4. e3 g6 5. Nf3 Bg7 6. Be2 O-O 7. O-O b6 8. b4
dxc4 9. Bxc4 b5 10. Bd3 a5 11. bxa5 Qxa5 12. Bd2 Qa3 13. Qc2 Ba6 14. Rab1 b4
15. Rb3 Bxd3 16. Qxd3 Qa6 17. Qxa6 Nxa6 18. Na4 Nd5 19. Rc1 Nac7 20. Nc5 Rxa2
21. Bxb4 Rb8 22. Bd2 Rb5 23. e4 Nf6 24. Rxb5 Nxb5 25. h3 Nxd4 26. Nxd4 Rxd2 27.
Nxc6 Bf8 1/2-1/2

[Event "BL 0708 SK Zehlendorf - Bindl-Aktionär"]
[Site "?"]
[Date "2008.03.09"]
[Round "11.8"]
[White "Brener, Ilia"]
[Black "Stohl, Igor Dr"]
[Result "1/2-1/2"]
[WhiteElo "2382"]
[BlackElo "2545"]
[PlyCount "80"]
[EventDate "2008.??.??"]

1. Nf3 Nf6 2. c4 b6 3. g3 c5 4. Bg2 Bb7 5. O-O e6 6. Nc3 Be7 7. Re1 d5 8. cxd5
Nxd5 9. e4 Nb4 10. d4 cxd4 11. Nxd4 N8c6 12. Nxc6 Qxd1 13. Rxd1 Bxc6 14. Bf4 g5
15. Bd6 Bxd6 16. Rxd6 Rd8 17. Rxd8+ Kxd8 18. a3 Na6 19. b4 Nb8 20. a4 Nd7 21.
Nb5 a6 22. Nd4 Bb7 23. Rc1 Ne5 24. Nf3 Nxf3+ 25. Bxf3 Kd7 26. Be2 f6 27. f4
gxf4 28. gxf4 Rg8+ 29. Kf2 Bxe4 30. Bxa6 Rg2+ 31. Ke3 Bd5 32. f5 Kd6 33. fxe6
Kxe6 34. Bc4 Rxh2 35. Bxd5+ Kxd5 36. a5 Rh3+ 37. Kf4 Rh4+ 38. Kf5 Rxb4 39. axb6
Rxb6 40. Rh1 Rb7 1/2-1/2

[Event "BL 0708 OSC Baden Baden - TV Tegernsee"]
[Site "?"]
[Date "2008.03.09"]
[Round "11.1"]
[White "Volokitin, Andrei"]
[Black "Svidler, Peter"]
[Result "0-1"]
[WhiteElo "2678"]
[BlackElo "2732"]
[PlyCount "80"]
[EventDate "2008.??.??"]

1. e4 e5 2. Nf3 Nc6 3. Bb5 a6 4. Ba4 Nf6 5. O-O Be7 6. Re1 b5 7. Bb3 O-O 8. c3
d6 9. h3 Nb8 10. d4 Nbd7 11. Nbd2 Bb7 12. Bc2 Re8 13. Nf1 Bf8 14. Ng3 c6 15.
Nf5 Qc7 16. Nh2 d5 17. f4 exd4 18. e5 Ne4 19. cxd4 g6 20. Ne3 Rad8 21. Nf3 c5
22. Nxd5 Bxd5 23. Bxe4 Bxe4 24. Rxe4 cxd4 25. Kh1 Bc5 26. Bd2 Bb6 27. b4 Nf6
28. Re1 Nd5 29. Ng5 Nc3 30. Bxc3 dxc3 31. Qb3 Rd3 32. Rad1 Rxd1 33. Rxd1 Be3
34. Rf1 Qc4 35. Qxc4 bxc4 36. Ne4 c2 37. Nf6+ Kf8 38. Nxe8 Kxe8 39. a4 c1=Q 40.
Rxc1 Bxc1 0-1

[Event "BL 0708 OSC Baden Baden - TV Tegernsee"]
[Site "?"]
[Date "2008.03.09"]
[Round "11.3"]
[White "Sokolov, Andrei"]
[Black "Nisipeanu, Liviu-Dieter"]
[Result "1/2-1/2"]
[WhiteElo "2588"]
[BlackElo "2668"]
[PlyCount "30"]
[EventDate "2008.??.??"]

1. e4 e5 2. Nf3 Nc6 3. Bb5 Nf6 4. d3 Bc5 5. c3 O-O 6. O-O d6 7. Nbd2 Bb6 8. a4
Ne7 9. d4 c6 10. Bd3 Ng6 11. Re1 Re8 12. h3 a5 13. Nf1 d5 14. Bg5 dxe4 15. Bxe4
exd4 1/2-1/2

[Event "BL 0708 OSC Baden Baden - TV Tegernsee"]
[Site "?"]
[Date "2008.03.09"]
[Round "11.5"]
[White "Rozentalis, Eduardas"]
[Black "Harikrishna, Pentala"]
[Result "1/2-1/2"]
[WhiteElo "2581"]
[BlackElo "2668"]
[PlyCount "52"]
[EventDate "2008.??.??"]

1. e4 e5 2. Nf3 Nf6 3. d4 Nxe4 4. Bd3 d5 5. Nxe5 Nd7 6. Nxd7 Bxd7 7. O-O Bd6 8.
Nc3 Nxc3 9. bxc3 O-O 10. Qh5 f5 11. Re1 c6 12. c4 Qf6 13. c3 Rfe8 14. Bg5 Qf7
15. Qxf7+ Kxf7 16. Reb1 b6 17. Bd2 dxc4 18. Bxc4+ Be6 19. Bd3 b5 20. a4 a6 21.
Rc1 Rec8 22. g3 g6 23. c4 bxc4 24. Bxc4 Bxc4 25. Rxc4 Ke6 26. Rac1 Kd5 1/2-1/2

[Event "BL 0708 OSC Baden Baden - TV Tegernsee"]
[Site "?"]
[Date "2008.03.09"]
[Round "11.6"]
[White "Naiditsch, Arkadij"]
[Black "Boensch, Uwe"]
[Result "1-0"]
[WhiteElo "2639"]
[BlackElo "2530"]
[PlyCount "83"]
[EventDate "2008.??.??"]

1. e4 c5 2. Nf3 Nc6 3. Bb5 d6 4. O-O Bd7 5. Re1 Nf6 6. c3 a6 7. Bf1 Bg4 8. h3
Bxf3 9. Qxf3 g6 10. Qd1 Bg7 11. d4 cxd4 12. cxd4 O-O 13. Nc3 Rc8 14. Be3 e5 15.
dxe5 dxe5 16. Qb3 Qc7 17. Rac1 Nd4 18. Qb4 Rfe8 19. Nb5 Qb6 20. Qd6 Qa5 21.
Nxd4 Rxc1 22. Rxc1 exd4 23. Qxd4 Nxe4 24. Qd7 Qe5 25. Rc8 Rxc8 26. Qxc8+ Bf8
27. Qxb7 Bc5 28. Qxa6 Bxe3 29. fxe3 h5 30. Qb5 Qe7 31. Qd5 Ng3 32. Qa8+ Kg7 33.
Qa3 Qg5 34. Qc3+ Kg8 35. a4 h4 36. a5 Qf5 37. Bd3 Qe6 38. Qd4 Qb3 39. Qxh4 Qxd3
40. Qxg3 Qb1+ 41. Kh2 Qxb2 42. Qd6 1-0